|
|
|
|
| LEADER |
00000cam a2200000 a 4500 |
| 001 |
vtls001093144 |
| 003 |
SK-MaSNL |
| 005 |
20260301193753.0 |
| 008 |
240226s1983 xo gr 000 fdslo |
| 015 |
|
|
|a SNBA1983/12
|
| 020 |
|
|
|q (viazané)
|
| 035 |
|
|
|a SNK000035986
|
| 035 |
|
|
|a B9F6359E-833A-483C-819B-2D9143DDF0A6
|
| 035 |
|
|
|a urn:nbn:sk:snk-am00igxf
|
| 040 |
|
|
|a SNK
|b slo
|c SNK
|e AACR2
|
| 041 |
1 |
|
|a slo
|h bul
|
| 044 |
|
|
|a xo
|c SK
|
| 072 |
|
7 |
|a 821.163
|x Južnoslovanské literatúry
|2 konspekt
|
| 080 |
|
|
|a 821.163.2-32
|2 2001
|
| 100 |
1 |
|
|a Vežinov, Pavel,
|d 1914-1983
|4 aut
|9 169856
|
| 240 |
1 |
0 |
|a Barierata
|l Slovensky
|
| 245 |
1 |
0 |
|a Bariéra
|c Pavel Vežinov ; [z bulharského originálu Barierata ... preložili Júlia Stajková, Anna Sýkorová]
|
| 250 |
|
|
|a 1. vyd.
|
| 260 |
|
|
|a Bratislava
|b Smena
|c 1983
|
| 300 |
|
|
|a 216 s.
|c 21 cm
|
| 366 |
|
|
|e 2200 výtl.
|
| 490 |
1 |
|
|a Štafeta
|
| 655 |
|
7 |
|a bulharské novely
|2 SNKPH
|9 80706
|
| 655 |
|
7 |
|a Bulgarian novellas
|2 SNKPHeng
|9 533508
|
| 700 |
1 |
|
|a Stajková, Júlia,
|d 1921-2001
|4 trl
|9 5194
|
| 700 |
1 |
|
|a Sýkorová, Anna
|4 trl
|9 278481
|
| 830 |
|
0 |
|a Štafeta
|9 278479
|
| 852 |
|
|
|a Slovenská národná knižnica
|
| 954 |
|
|
|a beletria cudzojazyčná (svetová)
|2 lita
|
| 958 |
|
|
|a OND
|
| 958 |
|
|
|a LX
|
| 958 |
|
|
|a BG
|
| 958 |
|
|
|a UP
|
| 958 |
|
|
|a EUIPO
|
| 958 |
|
|
|a RK
|
| 958 |
|
|
|a TL
|
| 999 |
|
|
|c 878956
|d 880886
|
| 952 |
|
|
|a SNK
|b SNK
|y PREZ
|7 0
|p 17A0900818
|o snkSC 59821
|i snkKSP 9604/83
|0 0
|1 0
|4 0
|d 2012-08-06
|f 1
|l 0
|r 2025-06-09 00:00:00
|w 2026-02-24
|
| 952 |
|
|
|a SNK
|b SNK
|y VYP
|7 0
|p 17A0603164
|o snkSC 59821 D1
|i snkKSP 9605/83
|0 0
|1 0
|4 0
|d 2009-01-19
|l 0
|r 2026-02-24 06:10:17
|w 2026-02-24
|